Birds by Letter - O - Statistics

General Stats
  • This quiz has been taken 38 times
  • The average score is 7 of 16
Answer Stats
Picture Answer % Correct
Ostrich
100%
Owl
100%
Osprey
89%
Oriole
76%
Oystercatcher
68%
Oxpecker
49%
Ovenbird
30%
Owlet-nightjar
30%
Oilbird
27%
Openbill
24%
Oropendola
22%
Ouzel
22%
Oo
11%
Oliveback
3%
'Oma'o
3%
Orangequit
3%
No matching quizzes found
Score Distribution
Percent of People with Each Score
Percentile by Number Answered
Your Score History
You have not taken this quiz